Statistics for Silmarillion quotes: who said...?

Click here to take the quiz!

General Stats

  • This quiz has been taken 260 times
  • The average score is 13 of 22

Answer Stats

HintAnswer% Correct
Eä! Let these things Be!Ilúvatar
94%
Why should we longer serve the jealous Valar, who cannot keep us nor even their own realm secure from their Enemy? And though he be now their foe, are not they and he of one kin?Fëanor
86%
Bring to me in your hand a Silmaril from Morgoth's crown; and then, if she will, Lúthien may set her hand in yours.Thingol
86%
Thou shalt lead and I will follow. May no new grief divide us.Fingolfin
74%
Though Eru appointed to you to die not in Eä, and no sickness may assail you, yet slain ye may be, and slain ye shall be: by weapon and by torment and by grief.Mandos
74%
Now is the Quest achieved, and my doom full-wroughtBeren
72%
My heart is with the Sea, and I will dwell by the grey shores, guarding the Havens until the last ship sails. Then I shall await thee.Círdan
67%
This is sharper than thy tongueFëanor
64%
I give thee joy that thou hast found thy brother at last. And now thou shalt know him: a stabber in the dark, treacherous to foes, faithless to friends, and a curse unto his kin, Túrin son of Húrin!Glaurung
61%
I believe not that the One will ever be found again in Middle-earth. Into Anduin it fell, and long ago, I deem, it was rolled to the Sea. There it shall lie until the end, when all this world is broken and the deeps are removed.Saruman
56%
Let us make war swiftly!Tulkas
55%
Wilt thou slay me swiftly?Túrin
53%
With my eyes thou shalt see, and with my ears thou shalt hear.Morgoth
52%
Many are the strange chances of the world, and help oft shall come from the hands of the weak when the Wise falter.Gandalf
49%
Though we part here for ever, and I shall not look on your white walls again, from you and from me a new star shall arise.Huor
48%
This I will have as were-gild for my father's death, and my brothers. Was it not I that dealt the Enemy his death-blow?Isildur
46%
You come at last. I have waited too long.Morwen
43%
Aurë entuluva!Húrin
42%
Shut the doors of the fortress and go not abroad. Cast the stones of your pride into the loud river, that the creeping evil may not find the gateUlmo
42%
The day has come! Behold, people of the Eldar and Fathers of Men, the day has come!Fingon
39%
Master of doom by doom mastered! O happy to be dead!Niënor
36%
For this purpose we came: to take vengeance upon Morgoth, and regain what he stoleGaladriel
33%

Score Distribution

Percentile by Number Answered

Percent of People with Each Score

Your Score History

You have not taken this quiz